Stadiony żużlowe w Polsce (Kolega Ignacy) - Statystyki

Ogólne statystyki
  • Ten quiz został rozwiązany 294 razy
  • Średni wynik to 7 z 8
Statystyki odpowiedzi
Obrazkowy Odpowiedź % Poprawnych
Toruń
97%
Gorzów
93%
Leszno
93%
Wrocław
90%
Zielona Góra
87%
Lublin
72%
Tarnów
66%
Rzeszów
64%
Nie znaleziono quizów pasujących do podanych kryteriów
Rozkład punktacji
Procent ludzi z każdym wynikiem
Percentyl według liczby udzielonych odpowiedzi
Twoja historia wyników
Nie rozwiązałeś tego quizu